LEADER 01332nam a2200301 i 4500 001 000000139254 003 CaOOAMICUS 005 20240325144706.0 008 050519s1995 it u000 u ita u 020 $a88-18-93004-4 040 $aSeMil$bita 100 1 $aMasino, Paola,$d<1908-1989>.$0(OLS)http://semarc/name/56268 245 10$aIo, Massimo e gli altri :$bautobiografia di una figlia del secolo /$cPaola Masino ; introduzione e cura di Maria Vittoria Vittori. 264 1$aMilano :$bRusconi,$c1995. 300 $a186 p. ;$c21 cm. 490 1 $aMemorie del Novecento 541 0 $aFondo card. C.M. Martini (1D IV 117) 650 04$aMasino, Paola <1908-1989> - Autobiografia.$0(OLS)http://semarc/subject/55292 700 1 $aVittori, Maria Vittoria.$0(OLS)http://semarc/name/56269 830 0$aMemorie del Novecento.$0(OLS)http://semarc/title/18008 850 $aSeMil 852 $aSeMil$W1$xVenegono$y1$m1D IV 117$j92691$B92691$CSeMilBibl$Z2$F97897 $81 941 1 $a4 961 $aOmaggio: Martini Card. Carlo Maria 996 $6020$a88-18-93004-4$9(OLS)http://semarc/number/127259 996 $6245$aIo, Massimo e gli altri :$bautobiografia di una figlia del secolo$9(OLS)http://semarc/title/203529 996 $6264$aMilano :$bRusconi$9(OLS)http://semarc/publisher/30258 LEADER 01068nam a2200229 4500 001 000000335784 003 CaOOAMICUS 005 20190805103219.0 008 190805s1829 it 000 u ita r 026 $aLee- doo- e.el meio (3) 1829 (A) 040 $aSeMil$bita 245 00$aTomo 2. 264 1$aLucca :$bDalla tipografia di Giuseppe Giusti,$c1829. 300 $a231, [3] p. ;$c8° 700 11$aPapi, Lazzaro.$0(OLS)http://semarc/name/11531 773 0 $aPapi, Lazzaro$tLettere sulle Indie Orientali scritte da Lazzaro Papi ... Tomo 1. [-2.].$dLucca : Dalla tipografia di Giuseppe Giusti, 1829.$bEdizione 2. con aggiunte, correzioni ed una lettera del marchese Cesare Lucchesini all'autore sull'origine della mitologia indiana$w()335782 850 $aSeMil 852 $aSeMil$W1$xVenegono$y1$m3XA VII 38 FA$j215104$B227656$CSeMilBibl$Z2$F227656 $8I 941 1 $a10 996 $6245$aTomo 2$9(OLS)http://semarc/title/49331 996 $6264$aLucca :$bDalla tipografia di Giuseppe Giusti$9(OLS)http://semarc/publisher/58430